Islamic naturalism and mysticism. (Record no. 5607)
[ view plain ]
| 000 -LEADER | |
|---|---|
| fixed length control field | 00556cam a2200169 4500 |
| 005 - DATE AND TIME OF LATEST TRANSACTION | |
| control field | 20250901165537.0 |
| 008 - FIXED-LENGTH DATA ELEMENTS--GENERAL INFORMATION | |
| fixed length control field | 740719s1974 ne b 001 0 eng |
| 010 ## - LIBRARY OF CONGRESS CONTROL NUMBER | |
| LC control number | 74171187 |
| 020 ## - INTERNATIONAL STANDARD BOOK NUMBER | |
| International Standard Book Number | 9004038124 |
| 050 00 - LIBRARY OF CONGRESS CALL NUMBER | |
| Classification number | B753.I53 .R643 1974 |
| Item number | R643 |
| 082 00 - DEWEY DECIMAL CLASSIFICATION NUMBER | |
| Classification number | 181/.07 |
| 100 1# - MAIN ENTRY--PERSONAL NAME | |
| Personal name | Hawi, Sami S. |
| 245 10 - TITLE STATEMENT | |
| Title | Islamic naturalism and mysticism. |
| Remainder of title | A philosophic study of Ibn Ṭufayl's Ḥayy bin Yaqṣān. |
| Statement of responsibility, etc. | By Sami S. Hawi. |
| 260 ## - PUBLICATION, DISTRIBUTION, ETC. | |
| Place of publication, distribution, etc. | Leiden, |
| Name of publisher, distributor, etc. | Brill, |
| Date of publication, distribution, etc. | 1974. |
| 300 ## - PHYSICAL DESCRIPTION | |
| Extent | xiii, 282 p. |
| Dimensions | 25 cm. |
| 942 ## - ADDED ENTRY ELEMENTS (KOHA) | |
| Source of classification or shelving scheme | Library of Congress Classification |
| Classification part | B753.I53 .R643 1974 |
| Withdrawn status | Lost status | Source of classification or shelving scheme | Damaged status | Not for loan | Home library | Current library | Shelving location | Date acquired | Total checkouts | Full call number | Barcode | Date last seen | Price effective from | Koha item type |
|---|---|---|---|---|---|---|---|---|---|---|---|---|---|---|
| Library of Congress Classification | Main Library | Main Library | 06/07/2021 | B753.I53 .R643 1974 | PIU0006817 | 06/07/2021 | 06/07/2021 | Books |